000
00259nam a2200109Ia 4500
008
230907s9999||||xx |||||||||||||| ||und||
082
_a
532
_b
LED
100
_a
Ledoux, Michel.
_9
115760
245
0
_a
Fluid mechanics :
300
_a
vol. 3; 286 p.
942
_c
BK
999
_c
599334
_d
599334